=LDR 00000nam 2200000 4500 =001 INLIS000000000013026 =005 20130612104502 =008 ***********************************Ind** =035 ##$$0010-061300000013026 =041 ##$$a Ind =082 ##$$a 808.02 =090 ##$$a 808.02, Nas b =100 ##$$a Nasution S =245 ##$$a Buku pemandu membuat tesis skripsi disertasi makalah, Prof. Dr. S Nasution, M.A =260 ##$$a 2004 $b Jakarta =300 ##$$a 119 hlm, 21 cm =650 ##$$a Tekhnik penulisan, Tesis =850 ##$$a NBPNMAT =990 ##$$a 21400613/BPAP-NTB/20142014 =990 ##$$a 0001/BPAP-NTB/2016